00461nam a2200145Ia 4500008004100000041000800041082001200049100002000061245004000081260004000121300001300161365000500174999001700179952011900196240624s9999 xx 000 0 und d aeng a413 MAR aMARSHALL JOHN F aDICTIONARY OF FINANCIAL ENGINEERING c2000aNew YorkbJohn Wiley and Sons a304 : p. c c15355d15355 00104070aIMTNbIMTNcRack 15-Bd2010-07-14eBWEg59.95o413 MARp15355r2024-06-24 00:00:00t49w2024-06-24yBK